Pôžičkový fond

Fond na podporu vzdelávania bol zriadený v roku 2013 ako obmena Študentského pôžičkového fondu a Pôžičkového fondu pre začínajúcich pedagógov. Ide o neštátny fond, ktorý plní úlohy vo verejnom záujme. Poskytuje zvýhodnene úročené pôžičky pre študentov VŠ vo všetkých stupňoch štúdia, pedagogických a...

Descrizione completa

Salvato in:
Dettagli Bibliografici
Autore principale: Bonek, Martin
Natura: Capitolo di libro
Lingua:slovacco
Soggetti:
Tags: Aggiungi Tag
Nessun Tag, puoi essere il primo ad aggiungerne!!

MARC

LEADER 00000naa a2200000 4500
001 0228480
005 20170316092816.7
041 0 |a slo 
044 |a SK 
245 1 0 |a Pôžičkový fond  |c Martin Bonek 
520 |a Fond na podporu vzdelávania bol zriadený v roku 2013 ako obmena Študentského pôžičkového fondu a Pôžičkového fondu pre začínajúcich pedagógov. Ide o neštátny fond, ktorý plní úlohy vo verejnom záujme. Poskytuje zvýhodnene úročené pôžičky pre študentov VŠ vo všetkých stupňoch štúdia, pedagogických a odborných zamestnancov. Nedostatok finančných prostriedkov fondu. 
610 2 0 |a školy vysoké 
610 2 0 |a fondy peňažné 
610 2 0 |a pôžičky 
100 1 |a Bonek, Martin